00806nam a2200205 u 450000100100000000500170001000800410002702000150006804000250008304100390010808200130014710000270016024000980018724500650028526000770035030000280042753401190045504900090057499900170058300002524620200930023645.0110211s1993 mx a r 001 0 spa d a9684640595 aDO-SdBNPbspacBNPHU17aspaheng2Código de idiomas MARC ann*bnn*1 aBranson, Dan E.95173910aAnalysis and design of noncomposite and composite prestressed concrete structures.lEspañol10aDiseño de vigas de concreto presforzado /cDan E. Branson. aMéxico, D. F. :bInstituto Mexicano del Cemento y del Concreto,c1993. a111 p. :bil. ;c23 cm. aTítulo original en inglés :tAnalysis and design of noncomposite and composite prestressed concrete structures aBNGR c24739d24739